Основы органической химии для студентов нехимических специальностей: пер. с англ.

Dades bibliogràfiques
Autor principal: Тейлор Г. Грегорий
Idioma:rus
Publicat: Москва, Мир, 1989
Matèries:
Format: Llibre
KOHA link:https://koha.lib.tpu.ru/cgi-bin/koha/opac-detail.pl?biblionumber=36237

MARC

LEADER 00000nam0a2200000 4500
001 36237
005 20231101210346.0
010 |a 5030002812 
035 |a (RuTPU)RU\TPU\book\36707 
035 |a BOOK00003359 
090 |a 36237 
100 |a 20011210d1989 m y0rusy50 ca 
101 1 |a rus  |c eng 
102 |a RU 
105 |a a j 001zy 
200 1 |a Основы органической химии для студентов нехимических специальностей  |e пер. с англ.  |f Г. Тейлор 
210 |a Москва  |c Мир  |d 1989 
215 |a 384 с.  |c ил. 
320 |a Предм. указ.: с. 373-379 с. 
606 1 |a Органическая химия  |2 stltpush  |3 (RuTPU)RU\TPU\subj\47309  |9 66362 
610 1 |a схемы 
610 1 |a задачи 
610 1 |a углеводороды 
610 1 |a органические соединения 
610 1 |a карбонильные соединения 
610 1 |a карбоновые кислоты 
610 1 |a учебные пособия 
675 |a 547(075.8)  |v 3 
700 1 |a Тейлор  |b Г.  |g Грегорий 
801 0 |a RU  |b 63413507  |c 20011210  |g PSBO 
801 2 |a RU  |b 63413507  |c 20160630  |g PSBO 
900 |a Органическая химия 
942 |c BK